| 000 | 00472nam a2200181 a 4500 | ||
|---|---|---|---|
| 001 | 252 | ||
| 005 | 20180713180421.0 | ||
| 008 | 140415s1986 mx 000 0 spa d | ||
| 041 | _aspa | ||
| 082 |
_a575.11 _bFAL |
||
| 100 | 1 | _aFALCONER, D. S. | |
| 245 | 1 | 0 | _aINTRODUCCION A LA GENETICA CUANTITATIVA |
| 250 | _a2a ed. | ||
| 260 |
_aMEXICO : _bCECSA, _c1986 |
||
| 300 | _a383 | ||
| 650 | 1 | 4 | _aGENETICA CUANTITATIVA |
| 700 | 1 |
_aMARQUEZ SANCHEZ, FIDEL _etr. |
|
| 999 |
_c252 _d252 |
||